02555nam a22004214a 4500001001200000003000800012006001900020007001500039008004100054010001700095020003600112020003500148040002100183035002100204043001200225050002300237082002400260100003400284245014600318260006100464300003100525504006600556505075200622533015201374650005201526650003401578650003201612650006201644650004401706650004901750650004001799650005701839651004801896655002901944710001701973856012601990999001702116ebr10387705CaPaEBRm u cr cn|||||||||040622s2005 aluab sb s001 0 eng  z 2004014702 z0817314407 (cloth : alk. paper) z0817351469 (pbk. : alk. paper) aCaPaEBRcCaPaEBR a(OCoLC)183289396 an-usm--14aE99.I2bE47 2005eb04a673/.3/089975152221 aEhrhardt, Kathleen L.,d1948-10aEuropean metals in native handsh[electronic resource] :brethinking the dynamics of technological change, 1640-1683 /cKathleen L. Ehrhardt. aTuscaloosa, Ala. :bUniversity of Alabama Press,cc2005. axiv, 253 p. :bill., maps. aIncludes bibliographical references (p. [205]-234) and index.0 aNative technologies, European contact, and the processes and meanings of material change -- Setting aside the "standard view" : revealing "style" and change in technological systems -- Recovering Illinois copper-base metalworking style : the analytical program -- Indigenous copper working in the midcontinent : situating Illinois copper-base metal use in late protohistory -- Lost sheep-- in the jaws of the wolf : the mid-seventeenth-century Illinois in ethnohistorical and archaeological perspective -- From kettle sheet to ornament : artifact forms, production, and use -- Finding "style" beneath the surface : artifact composition and manufacturing history -- Illinois metalworking style in contexts of social action and technological change. aElectronic reproduction.bPalo Alto, Calif. :cebrary,d2013.nAvailable via World Wide Web.nAccess may be limited to ebrary affiliated libraries. 0aIllinois IndiansxFirst contact with Europeans. 0aIllinois IndiansxIndustries. 0aIllinois IndiansxCommerce. 0aImportszMississippi River ValleyxHistoryy17th century. 0aExportszEuropexHistoryy17th century. 0aIndian copperworkzMississippi River Valley. 0aCopper implementszEuropexHistory. 0aTechnological innovationszMississippi River Valley. 0aMississippi River ValleyxHistoryyTo 1803. 7aElectronic books.2local2 aebrary, Inc.40uhttp://site.ebrary.com/lib/rucke/Doc?id=10387705zAn electronic book accessible through the World Wide Web; click to view c92027d92027